Programming for embedded systems / (Record no. 28822)
[ view plain ]
| 000 -LEADER | |
|---|---|
| fixed length control field | 01814nam a22003495i 4500 |
| 003 - CONTROL NUMBER IDENTIFIER | |
| control field | EG-ScBUE |
| 005 - DATE AND TIME OF LATEST TRANSACTION | |
| control field | 20200924150024.0 |
| 006 - FIXED-LENGTH DATA ELEMENTS--ADDITIONAL MATERIAL CHARACTERISTICS--GENERAL INFORMATION | |
| fixed length control field | m||||fq||b 00| 0 |
| 008 - FIXED-LENGTH DATA ELEMENTS--GENERAL INFORMATION | |
| fixed length control field | 200219r20062002ii a f b 001 0 eng d |
| 020 ## - INTERNATIONAL STANDARD BOOK NUMBER | |
| International Standard Book Number | 8126502967 |
| 040 ## - CATALOGING SOURCE | |
| Original cataloging agency | EG-ScBUE |
| Language of cataloging | eng |
| Description conventions | rda |
| Transcribing agency | EG-ScBUE |
| Modifying agency | EG-ScBUE |
| 082 04 - DEWEY DECIMAL CLASSIFICATION NUMBER | |
| Classification number | 005.26 |
| Item number | PRO |
| Edition number | 22 |
| 110 2# - MAIN ENTRY--CORPORATE NAME | |
| Corporate name or jurisdiction name as entry element | Dreamtech Software India, |
| Relator term | author. |
| 245 10 - TITLE STATEMENT | |
| Title | Programming for embedded systems / |
| Statement of responsibility, etc | Dreamtech Software Team. |
| 250 ## - EDITION STATEMENT | |
| Edition statement | Reprint edition. |
| 264 #1 - PUBLICATION, DISTRIBUTION, ETC. (IMPRINT) | |
| Place of publication, distribution, etc | New Delhi : |
| Name of publisher, distributor, etc | Wiley Dreamtech India, |
| Date of publication, distribution, etc | 2006. |
| 300 ## - PHYSICAL DESCRIPTION | |
| Extent | xxvi, 528 pages : |
| Other physical details | illustration ; |
| Dimensions | 24 cm. + |
| Accompanying material | 1 CD-ROM (4 3/4 in.) |
| 336 ## - CONTENT TYPE | |
| Content type term | text |
| Content type code | txt |
| Source | rdacontent |
| 336 ## - CONTENT TYPE | |
| Content type term | computer program |
| Content type code | cop |
| Source | rdacontent |
| 337 ## - MEDIA TYPE | |
| Media type term | unmediated |
| Media type code | n |
| Source | rdamedia |
| 337 ## - MEDIA TYPE | |
| Media type term | computer |
| Media type code | c |
| Source | rdamedia |
| 338 ## - CARRIER TYPE | |
| Carrier type term | volume |
| Carrier type code | nc |
| Source | rdacarrier |
| 338 ## - CARRIER TYPE | |
| Source | computer disc |
| Carrier type term | cd |
| Carrier type code | rdacarrier |
| 490 0# - SERIES STATEMENT | |
| Series statement | Cracking the code |
| 504 ## - BIBLIOGRAPHY, ETC. NOTE | |
| Bibliography, etc | Includes bibliographical references and index. |
| 520 ## - SUMMARY, ETC. | |
| Summary, etc | CD-ROM contains: Source code -- Java 2 Software Development Kit, standard edition version 1.4 for Windows; Forte for Java, release 3.0 Community edition; Java 2 Platform, micro edition, Wireless Toolkit 1.0.3. |
| 538 ## - SYSTEM DETAILS NOTE | |
| System details note | System requirements for accompanying computer disc (Windows): Windows 9x or 2000; 128 MB RAM; Ethernet network interface card or modem with a speed of at least 28,800 bps; 2x or faster CD-ROM drive; Conexant GPS receiver. |
| 538 ## - SYSTEM DETAILS NOTE | |
| System details note | System requirements for accompanying computer disc (Linux): PC with a Pentium processor running at 90 MHz or faster; 128 MB RAM; Ethernet network interface card or modem with a speed of at least 28,800 bps; 2x or faster CD-ROM drive; Conexant GPS receiver. |
| 650 #7 - SUBJECT ADDED ENTRY--TOPICAL TERM | |
| Topical term or geographic name as entry element | Embedded computer systems |
| General subdivision | Programming |
| Source of heading or term | BUEsh |
| 653 ## - INDEX TERM--UNCONTROLLED | |
| Resource For college | Informatics and Computer Science |
| Arrived date list | September2020 |
| 942 ## - ADDED ENTRY ELEMENTS (KOHA) | |
| Source of classification or shelving scheme | Dewey Decimal Classification |
| Koha item type | Book - Borrowing |
| Withdrawn status | Lost status | Source of classification or shelving scheme | Damaged status | Not for loan | Collection code | Home library | Current library | Shelving location | Date acquired | Source of acquisition | Total Checkouts | Full call number | Barcode | Date last seen | Price effective from | Koha item type |
|---|---|---|---|---|---|---|---|---|---|---|---|---|---|---|---|---|
| Dewey Decimal Classification | unknown | Central Library | Central Library | Lower Floor | 24/09/2020 | Purchase | 005.26 PRO | 000049771 | 15/07/2025 | 24/09/2020 | Book - Borrowing | |||||
| Dewey Decimal Classification | unknown | Central Library | Central Library | Lower Floor | 24/09/2020 | Purchase | 005.26 PRO | 000049772 | 24/08/2022 | 24/09/2020 | CD | DVD - With book |